000 00429nam a2200169Ia 4500
008 230524s9999 xx 000 0 und d
082 _a621.38
_bRED
100 _aRalph J.Smith
_925198
245 0 _a"Circuits,Devices and Systems,"
250 _a1ST
260 _aNEW DELHI
_bJohn Wiley & Sons
_c2005
300 _aXI;405
500 _aQuantity Number: 1
650 _aElectrical
700 _a Richard C.Dorf
942 _cBK
999 _c37247
_d37247